000 00522nam a2200193 4500
003 SEACOMMC
005 20250808153138.0
008 250807b |||||||| |||| 00| 0 eng d
020 _a978-9380673455
040 _aSEACOMMC
082 _a519.21
_bR888M
100 _aRoychowdhury,S
245 _aMANAGERIAL STATISTICS
260 _aKolkata
_bU. N. Dhur & Sons
_c2016
300 _a354p.
600 _a S. Roychowdhury AND D. Bhattacharya
650 _aMathematics - Statistical Analysis - Probability
942 _cBOOK
999 _c1236
_d1236